Bonaventure's Theology of Prophecy in the Leggenda Major (Record no. 499101)

000 -CABECERA
Campo de control de longitud fija 00529nab a2200145 4500
003 - IDENTIFICADOR DEL NÚMERO DE CONTROL
Campo de control ES-SlBCS
005 - FECHA Y HORA DE LA ÚLTIMA TRANSACCIÓN
Campo de control 20210327224352.0
008 - CÓDIGOS DE INFORMACIÓN DE LONGITUD FIJA
Campo de control de longitud fija 140515s2014 it ||||| |||| 00| 0 eng d
040 ## - FUENTE DE LA CATALOGACIÓN
Centro catalogador del origen ES-SlBCS
Lengua de catalogación spa
100 10 - PUNTO DE ACCESO PRINCIPAL-NOMBRE DE PERSONA
Nombre de persona Horan, Daniel P.
9 (RLIN) 52296
245 10 - MENCIÓN DE TÍTULO
Título Bonaventure's Theology of Prophecy in the Leggenda Major
Resto del título : Sources and Interpretation
Mención de responsabilidad, etc. Daniel P. Horan
600 04 - PUNTO DE ACCESO ADICIONAL DE MATERIA-NOMBRE DE PERSONA
Nombre personal Buenaventura
Títulos y otras palabras asociadas con el nombre , Santo
Subdivisión general Crítica e interpretación
9 (RLIN) 125564
773 0# - ENLACE AL DOCUMENTO FUENTE
Parte(s) relacionada(s) Vol. 89, Nº 1, 2014, págs. 43-78
Título Antonianum
Número de control del registro relacionado Rev37
Número Internacional Normalizado para Publicaciones Seriadas (ISSN) 0003-6064
942 ## - ENTRADA DE ELEMENTOS AGREGADOS (KOHA)
Fuente de clasificaión o esquema
Koha [por defecto] tipo de item Artículos de revista
Holdings
Suprimido Perdido Fuente de clasificación o esquema Estropeado No para préstamo Localización permanente Localización actual Localización en estantería Fecha adquisición Préstamos totales Fecha última consulta Fecha del precio de reemplazo Tipo de item de Koha
          San Esteban San Esteban Depósito de revistas 15/05/2014   15/05/2014 15/05/2014 Artículos de revista

Bibliotecas Dominicos Provincia Hispania, 2016

Con tecnología Koha